| 000 | 00707nam a2200253Ia 4500 | ||
|---|---|---|---|
| 003 | OSt | ||
| 005 | 20220927105256.0 | ||
| 006 | a|||||r|||| 00| 0 | ||
| 007 | ta | ||
| 008 | 220926b |||||||| |||| 00| 0 eng d | ||
| 020 | _a9783540767985 | ||
| 024 | _a168515 | ||
| 037 | _cReference Collections | ||
| 040 |
_aRTL _cRTL _beng |
||
| 041 |
_2eng _aeng |
||
| 082 | _a"U218, P8" | ||
| 100 |
_amaciocco Giovanni Ed. _9371398 |
||
| 245 | 0 | _aUrban landscape perspectives | |
| 260 |
_aNew _bYork Springer Science+Business _c2008 |
||
| 300 |
_a160p _ccm. |
||
| 500 | _aBibliography: Chapterwise | ||
| 942 |
_h"U218, P8" _cCC |
||
| 999 |
_c691592 _d691592 |
||